| 000 | 00557nam a2200205 a 4500 | ||
|---|---|---|---|
| 005 | 20210223122727.0 | ||
| 008 | 991125s1972 mx 000 0 spa u | ||
| 020 | _a9681602501 | ||
| 035 | _aUPN01000040620 | ||
| 049 | _aCG | ||
| 050 | 4 |
_aML207 C8 _bC2.4 1972 |
|
| 100 | 1 |
_aCarpentier, Alejo, _d1904-1980 _930823 |
|
| 245 | 1 | 3 |
_aLa música en Cuba / _cAlejo Carpentier. |
| 250 | _a2a ed. | ||
| 260 |
_aMéxico : _bFCE, _c1972. |
||
| 300 |
_a368 p. : _bil. |
||
| 440 | 0 |
_aPopular ; _v104 |
|
| 650 | 4 |
_aMUSICA - _zCUBA - _xHISTORIA Y CRITICA |
|
| 905 | _aLibro | ||
| 999 |
_c40620 _d40620 |
||